00803nam a2200181Ia 4500001000700000008004100007082002000048110007600068245017000144260005100314300001000365503002600375504002600401650005400427650004200481650001900523710007900542Z_6030220601s9999 xx 000 0 und d a637.1097267 L43 aComisión Coordinadora del Programa Lechero del Estado de Quintana Roo aLecheria tropical / Director de la publicación Carlos I. Morelos Martínez; editor Luis Enrique Castillo Rebollo; colaboradores Fernando Jurado Mendoza...[et al.] aMéxico : Gobierno del Estado de Quintana Roo a90 p. aej.1: s/n \ ej.2: s/n aBibliografía: p. 90 a1. Industria lechera -- Tropicos -- Quintana Roo  aLeche -- Produción -- Quintana Roo  aGanado lechero aComisión Coordinadora del Programa Lechero del Estado de Quintana RooÌ